Statistics for Number 1 hits of 2017

Click here to take the quiz!

General Stats

  • This quiz has been taken 42 times
    (10 since last reset)
  • The average score is 6 of 12

Answer Stats

Singer Song % Correct
Luis Fonsi & Daddy Yankee Ft. Justin BieberDespacito
89%
Ed SheeranShape Of You
89%
DJ Khaled Ft. Quavo, Justin Bieber, Lil Wayne, Chance The RapperI'm The One
89%
Post Malone Ft. 21 SavageRockstar
78%
Kendrick LamarHumble
56%
The Weeknd Ft. Daft PunkStarboy
44%
Migos Ft. Lil Uzi VertBad And Boujee
44%
Taylor SwiftLook What You Made Me Do
44%
Ed Sheeran & BeyoncePerfect
44%
Rae Sremmurd Ft. Gucci ManeBlack Beatles
33%
Bruno MarsThat's What I Like
22%
Cardi BBodak Yellow
0%

Score Distribution

Percentile by Number Answered

Percent of People with Each Score

Your Score History

You have not taken this quiz since the last reset